Nigerian Catholics and the independent churches : (Record no. 125333)
[ view plain ]
| 000 -LEADER | |
|---|---|
| fixed length control field | 01255cam a2200325 a 4500 |
| 001 - CONTROL NUMBER | |
| control field | 4522008 |
| 003 - CONTROL NUMBER IDENTIFIER | |
| control field | ARRUPE |
| 005 - DATE AND TIME OF LATEST TRANSACTION | |
| control field | 20160926113903.0 |
| 008 - FIXED-LENGTH DATA ELEMENTS--GENERAL INFORMATION | |
| fixed length control field | 010702s2000 sz b b 001 0 eng d |
| 020 ## - INTERNATIONAL STANDARD BOOK NUMBER | |
| International Standard Book Number | 385824080X (pbk.) |
| 035 ## - SYSTEM CONTROL NUMBER | |
| System control number | (OCoLC)45215864 |
| 035 ## - SYSTEM CONTROL NUMBER | |
| System control number | (OCoLC)ocm45215864 |
| 035 ## - SYSTEM CONTROL NUMBER | |
| System control number | (NNC)4522008 |
| 040 ## - CATALOGING SOURCE | |
| Original cataloging agency | NNUT |
| Transcribing agency | NNUT |
| 043 ## - GEOGRAPHIC AREA CODE | |
| Geographic area code | f-nr--- |
| 050 ## - LIBRARY OF CONGRESS CALL NUMBER | |
| Classification number | BX1682.N5E53 2000 |
| 300 ## - PHYSICAL DESCRIPTION | |
| Other physical details | map ; |
| Dimensions | 23 cm |
| 100 1# - MAIN ENTRY--PERSONAL NAME | |
| Personal name | Enang, Kenneth. |
| 9 (RLIN) | 26146 |
| 245 10 - TITLE STATEMENT | |
| Title | Nigerian Catholics and the independent churches : |
| Remainder of title | a call to authentic faith / |
| Statement of responsibility, etc | Kenneth Enang |
| 260 ## - PUBLICATION, DISTRIBUTION, ETC. (IMPRINT) | |
| Place of publication, distribution, etc | Immensee, Switzerland : |
| Name of publisher, distributor, etc | Neue Zeitschrift für Missionswissenschaft, |
| Date of publication, distribution, etc | 2000 |
| 300 ## - PHYSICAL DESCRIPTION | |
| Extent | 239 p. : |
| 490 1# - SERIES STATEMENT | |
| Series statement | Neue Zeitschrift für Missionswissenschaft = |
| -- | Nouvelle revue de science missionnaire. Supplementa ; |
| Volume number/sequential designation | vol. 45 |
| 504 ## - BIBLIOGRAPHY, ETC. NOTE | |
| Bibliography, etc | Includes bibliographical references (p. 221-231) and index |
| 610 20 - SUBJECT ADDED ENTRY--CORPORATE NAME | |
| Corporate name or jurisdiction name as entry element | Catholic Church in Nigeria |
| 9 (RLIN) | 26147 |
| 610 20 - SUBJECT ADDED ENTRY--CORPORATE NAME | |
| Corporate name or jurisdiction name as entry element | Catholic Church |
| Geographic subdivision | Nigeria. |
| General subdivision | Relations |
| 9 (RLIN) | 26148 |
| 650 #0 - SUBJECT ADDED ENTRY--TOPICAL TERM | |
| Topical term or geographic name as entry element | Independent churches |
| General subdivision | Relations |
| Geographic subdivision | Nigeria |
| 9 (RLIN) | 26149 |
| 650 #0 - SUBJECT ADDED ENTRY--TOPICAL TERM | |
| Topical term or geographic name as entry element | Pentecostal churches |
| General subdivision | Relations |
| Geographic subdivision | Nigeria |
| 9 (RLIN) | 26150 |
| 830 #0 - SERIES ADDED ENTRY--UNIFORM TITLE | |
| Uniform title | Neue Zeitschrift für Missionswissenschaft. |
| Name of part/section of a work | Supplementa ; |
| Volume number/sequential designation | v. 45. |
| 9 (RLIN) | 26151 |
| 942 ## - ADDED ENTRY ELEMENTS (KOHA) | |
| Source of classification or shelving scheme | Library of Congress Classification |
| Koha item type | Monograph ( Printed materials) |
| Withdrawn status | Lost status | Source of classification or shelving scheme | Damaged status | Not for loan | Collection code | Home library | Current library | Shelving location | Date acquired | Total Checkouts | Full call number | Barcode | Date last seen | Price effective from | Koha item type |
|---|---|---|---|---|---|---|---|---|---|---|---|---|---|---|---|
| Library of Congress Classification | Main Collection | ARRUPE LIBRARY | ARRUPE LIBRARY | Main Collection | 26/09/2016 | BX1682.N5E53 2000 | 46500010076 | 22/11/2017 | 26/09/2016 | Monograph ( Printed materials) |